LEADER 01107nam a2200205 i 4500 001 000000251779 003 CaOOAMICUS 005 20161201000000.0 008 161201s1804 it u000 u ita u 013 $a230684 026 $aO.ES o-to a.n- sia- (7) 1804 (R) 040 $aSeMil$bita 245 10$aTomo 25. 300 $a437, [3] p. 500 $aContiene: Scritti di Ortes (Errori popolari intorno all'economia nazionale considerati sulle presenti controversie tra i laici e i chierici in ordine al possedimento de' beni ; Lettere sulla religione e il governo de' popoli). - Segn.:[A]8 B-2D8 2E4. 773 0 $tScrittori classici italiani di economia politica.$dMilano : Nella Stamperia e Fondria di G. G. Destefanis, a san Zeno n. 534, 1803-1816.$g32$w()33494 773 0 $tScrittori classici italiani di economia politica. Parte moderna.$dMilano : Nella Stamperia e Fonderia di G. G. Destefanis, a san Zeno n. 534, 1803-1805.$g25$w()33495 850 $aSeMil 852 $aSeMil$W1$xVenegono$y1$m3M II 25 FA$j202125$B202125$CSeMilBibl$Z2$F214735 $8I 996 $6245$aTomo 25$9(OLS)http://semarc/title/328105 LEADER 01206nam a2200277 i 4500 001 000000106507 003 CaOOAMICUS 005 20120302000000.0 008 120302s2002 it u000 u ita u 013 $a78701 020 $a88-88141-34-0 040 $aSeMil$bita 245 10$aDiventare cristiani :$bla catechesi come percorso formativo /$cLuciano Meddi (a cura di) 260 $aNapoli :$bLuciano,$ccopyr. 2002. 300 $a240 p. ;$c24 cm. 490 0 $aAICa Studi ;$v2 500 $aAtti del Convegno AICa - Associazione Italiana dei Catecheti, tenutosi a Pontecagnano (SA) dal 27 al 29 settembre 2001. 650 4$aCatechesi.$0(OLS)http://semarc/subject/3693 700 1 $aMeddi, Luciano,$c.$0(OLS)http://semarc/name/3779 830 0$aAICa Studi ;$v2.$0(OLS)http://semarc/title/9726 850 $aSeMil 852 $aSeMil$W1$xVenegono$y1$m2C V 228$j62639$B62639$CSeMilBibl$Z2$F72210 $81 961 $aOmaggio: Bressan don Luca 996 $6020$a88-88141-34-0$9(OLS)http://semarc/number/87196 996 $6245$aDiventare cristiani :$bla catechesi come percorso formativo$9(OLS)http://semarc/title/154480 996 $6260$aNapoli :$bLuciano$9(OLS)http://semarc/publisher/31988